| 000 -LEADER |
| fixed length control field |
02027cam a2200397 a 4500 |
| 001 - CONTROL NUMBER |
| control field |
15857064 |
| 003 - CONTROL NUMBER IDENTIFIER |
| control field |
OSt |
| 005 - DATE AND TIME OF LATEST TRANSACTION |
| control field |
20180116192409.0 |
| 008 - FIXED-LENGTH DATA ELEMENTS--GENERAL INFORMATION |
| fixed length control field |
090806s2010 enkae | b 001 0 eng |
| 010 ## - LIBRARY OF CONGRESS CONTROL NUMBER |
| LC control number |
2009032611 |
| 015 ## - NATIONAL BIBLIOGRAPHY NUMBER |
| National bibliography number |
GBA990857 |
| Source |
bnb |
| 016 7# - NATIONAL BIBLIOGRAPHIC AGENCY CONTROL NUMBER |
| Record control number |
015371142 |
| Source |
Uk |
| 020 ## - INTERNATIONAL STANDARD BOOK NUMBER |
| International Standard Book Number |
9780415563086 (hardback : alk. paper) |
| 020 ## - INTERNATIONAL STANDARD BOOK NUMBER |
| International Standard Book Number |
0415563089 (hardback : alk. paper) |
| 020 ## - INTERNATIONAL STANDARD BOOK NUMBER |
| International Standard Book Number |
9780415563093 (pbk. : alk. paper) |
| 020 ## - INTERNATIONAL STANDARD BOOK NUMBER |
| International Standard Book Number |
0415563097 (pbk. : alk. paper) |
| 035 ## - SYSTEM CONTROL NUMBER |
| System control number |
(OCoLC)ocn429816946 |
| 040 ## - CATALOGING SOURCE |
| Original cataloging agency |
DLC |
| Transcribing agency |
DLC |
| Modifying agency |
YDX |
| -- |
UKM |
| -- |
YDXCP |
| -- |
BWX |
| -- |
NTE |
| -- |
FDA |
| -- |
CDX |
| -- |
GEBAY |
| -- |
DLC |
| 041 1# - LANGUAGE CODE |
| Language code of text/sound track or separate title |
eng |
| Language code of original |
dan |
| 050 00 - LIBRARY OF CONGRESS CALL NUMBER |
| Classification number |
NA2541 |
| Item number |
.D3413 2010 |
| 082 00 - DEWEY DECIMAL CLASSIFICATION NUMBER |
| Classification number |
720.47 DAH 2010 |
| Edition number |
22 |
| 100 1# - MAIN ENTRY--PERSONAL NAME |
| Personal name |
Dahl, Torben. |
| 9 (RLIN) |
1135 |
| 240 10 - UNIFORM TITLE |
| Uniform title |
Klima og arkitektur. |
| Language of a work |
English |
| 245 10 - TITLE STATEMENT |
| Title |
Climate and architecture / |
| Statement of responsibility, etc. |
Torben Dahl. |
| 250 ## - EDITION STATEMENT |
| Edition statement |
1st ed. |
| 260 ## - PUBLICATION, DISTRIBUTION, ETC. |
| Place of publication, distribution, etc. |
Milton Park, Abingdon, Oxon ; |
| -- |
New York, N.Y. : |
| Name of publisher, distributor, etc. |
Routledge, |
| Date of publication, distribution, etc. |
2010. |
| 300 ## - PHYSICAL DESCRIPTION |
| Extent |
164 p. : |
| Other physical details |
ill., plans ; |
| Dimensions |
28 cm. |
| 504 ## - BIBLIOGRAPHY, ETC. NOTE |
| Bibliography, etc. note |
Includes bibliographical references (p. 157-159) and index. |
| 505 0# - FORMATTED CONTENTS NOTE |
| Formatted contents note |
Preface / Torben Dahl -- The architectural potential of climate / Torben Dahl -- Climate and comfort : place and climate / Peter Sørensen and Winnie Friis Møller -- Human comfort / Torben Dahl and Peter Sørensen -- Adaptation and control : traditional climate-adapted architecture / Georg Rotne and Nanna Albjerg -- Large climate screens / Georg Rotne -- Climate themes : hot and cold / Torben Dahl and Eva Tind Kristensen -- Humidity and precipitation / Peter Sørensen -- Wind and ventilation / Peter Sørensen -- Light and shadow / Nanet Mathiasen and Nina Voltelen -- Physiological architecture / Ola Wedebrunn -- Illustrations -- Bibliography -- Ill. London skyline. |
| 648 #7 - SUBJECT ADDED ENTRY--CHRONOLOGICAL TERM |
| Chronological term |
Geschichte |
| Source of heading or term |
swd |
| 9 (RLIN) |
1136 |
| 650 #0 - SUBJECT ADDED ENTRY--TOPICAL TERM |
| Topical term or geographic name entry element |
Architecture and climate. |
| 9 (RLIN) |
1137 |
| 906 ## - LOCAL DATA ELEMENT F, LDF (RLIN) |
| a |
0 |
| b |
cbc |
| c |
orignew |
| d |
1 |
| e |
ecip |
| f |
20 |
| g |
y-gencatlg |
| 942 ## - ADDED ENTRY ELEMENTS (KOHA) |
| Source of classification or shelving scheme |
|
| Koha item type |
Book |